02083nim a22004335i 4500999001700000003000900017005001700026007001500043008004100058020001800099020001500117040004300132082001900175100004900194245006800243264004100311264001000352300007300362306001100435336003300446337002300479338003100502344002000533344001900553347002200572347001300594380001000607490003100617511002900648520050400677650006601181650005301247650005401300651004101354651007201395700003401467942001501501952013301516 c29029d29000EG-ScBUE20201119135049.0sd fsngnn|||e|201119r20031994enknnnnf f n eng d a9780141804477 a0141804475 aEG-ScBUEbengerdacEG-ScBUEdEG-ScBUE04a823.8bBRO2221 aBrontèˆ, Emily,d1818-1848,eauthor.94015510aWuthering Heights /cEmily Brontèˆ ; read by Juliet Stevenson. 1aLondon :bPenguin Audiobooks,c2003. 4cc1994 a3 audio discs (approximately 2 hr., 45 min.) :bdigital ;c4 3/4 in. a024500 aspoken wordbspw2rdacontent aaudiobs2rdamedia aaudio discbsd2rdacarrier adigital 2rdatr aoptical2rdarm aaudio file2rdaft bCD audio aNovel0 aPenguin classic Audiobooks aread by Juliet Stevenson aLockwood, the new tenant of Thrushcross Grange on the bleak Yorkshire moors, is forced to seek shelter one night at Wuthering Heights, the home of his landlord. There he discovers the history of the tempestuous events that took place years before: of the intense passion between the foundling Heathcliff and Catherine Earnshaw, and her betrayal of him. As Heathcliff's bitterness and vengeance is visited upon the next generation, their innocent heirs must struggle to escape the legacy of the past. 7aTriangles (Interpersonal relations)zEnglandvFiction.2BUEsh 7aRejection (Psychology)zEnglandvFiction.2BUEsh 7aMan-woman relationshipszEnglandvFiction.2BUEsh 7aYorkshire (England)vFiction.2BUEsh 7aEngland|xxSocial life and customs|yy19th centuryvFiction.2BUEsh1 aStevenson, Juliet,enarrator. 2ddccCDVDN 00102ddc40708BaccahaMAINbMAINc2NDd2020-11-19ePurchasel0o823.8 BROp000050078r2022-08-24 00:00:00yCDVDNz3 Audio CDs